书目信息 |
| 题名: |
保护区国家系统规划
|
|
| 作者: | Davey 著 ;王智 , 刘祥海 译 | |
| 分册: | ||
| 出版信息: | 北京 中国环境科学出版社 2005 |
|
| 页数: | 67页 | |
| 开本: | 21cm | |
| 丛书名: | IUCN保护区最佳实践指南丛书 | |
| 单 册: | ||
| 中图分类: | X36 | |
| 科图分类: | ||
| 主题词: | 自然保护区--管理--指南 , 自然保护区 , 自然堡区--环境管理 , 自然堡区 | |
| 电子资源: | ||
| ISBN: | 7-80209-100-4 | |
| 000 | 01586nam0 2200433 450 | |
| 000 | 01549nam0 2200421 450 | |
| 000 | 01532nam0 2200421 450 | |
| 000 | 01478nam0 2200397 450 | |
| 000 | 01441nam0 2200385 450 | |
| 000 | 01334nam0 2200349 450 | |
| 000 | 01280nam0 2200325 450 | |
| 000 | 01298nam0 2200313 450 | |
| 000 | 01261nam0 2200301 45 | |
| 001 | 06303000256 | |
| 005 | 20070804093805.79 | |
| 010 | @a7-80209-100-4@dCNY12.00(全套定价:72.00) | |
| 100 | @a20060829d2005 em y0chiy0110 ea | |
| 101 | 1 | @achi@ceng |
| 102 | @aCN@b110000 | |
| 105 | @aab z 000yy | |
| 200 | 1 | @a保护区国家系统规划@ABao Hu Qu Guo Jia Xi Tong Gui Hua@dNational System Planning for Protected Areas@f(澳) Adrian G. Davey著@F( Ao ) Adrian G. Davey Zhu@g王智, 刘祥海译@zeng |
| 210 | @a北京@c中国环境科学出版社@d2005 | |
| 215 | @a67页@c地图,照片@d21cm | |
| 225 | 2 | @aIUCN保护区最佳实践指南丛书 |
| 330 | @a本书内容包括保护区系统、系统规划的范围、成功实施系统规划的要求、典型系统规划纲要、制定系统规划的过程概要等。 | |
| 410 | 0 | @12001 @aIUCN保护区最佳实践指南丛书 |
| 510 | 1 | @aNational System Planning for Protected Areas@zeng |
| 606 | 0 | @a自然保护区@x管理@x指南 |
| 606 | 0 | @a自然保护区 |
| 606 | 0 | @a自然堡区@x环境管理 |
| 606 | 0 | @a自然堡区 |
| 690 | @aX36@v4 | |
| 701 | A1 | @aDavey@bAdrian G.@4著 |
| 702 | 0 | @a王智@AWang Zhi@4译 |
| 702 | 0 | @a刘祥海@ALiu Xiang Hai@4译 |
| 801 | 0 | @aCN@b中图数据@c20070804 |
| 905 | @a10447@dX36@e51:4 | |
| 保护区国家系统规划=National System Planning for Protected Areas/(澳) Adrian G. Davey著/王智, 刘祥海译.-北京:中国环境科学出版社,2005 |
| 67页:地图,照片;21cm.-(IUCN保护区最佳实践指南丛书) |
| ISBN 7-80209-100-4:CNY12.00(全套定价:72.00) |
| 本书内容包括保护区系统、系统规划的范围、成功实施系统规划的要求、典型系统规划纲要、制定系统规划的过程概要等。 |
| ● |
| 相关链接 |
|
|
|
|
正题名:保护区国家系统规划
索取号:X36/51:4
 
预约/预借
| 序号 | 登录号 | 条形码 | 馆藏地/架位号 | 状态 | 备注 |
| 1 | 0608595 | 206085957 | 第二样本阅览室/ [索取号:X36/51:4] | 在馆 | |
| 2 | 0608596 | 206085966 | 第三借阅区/ [索取号:X36/51:4] | 在馆 | |
| 3 | 0608597 | 206085975 | 第三借阅区/ [索取号:X36/51:4] | 在馆 | |
| 4 | 0608598 | 206085984 | 第三借阅区/ [索取号:X36/51:4] | 在馆 | |
| 5 | 0608599 | 206085993 | 第三借阅区/ [索取号:X36/51:4] | 在馆 | |
| 6 | 0807853 | 208078532 | 第三借阅区/ [索取号:X36/51:4] | 在馆 | |
| 7 | 0807854 | 208078541 | 第三借阅区/ [索取号:X36/51:4] | 在馆 |